Rolando Masferrer en el País de los mitos / (Registro nro. 24156)
[ vista simple ]
| 000 -LEADER | |
|---|---|
| fixed length control field | 00584nam a22001817a 4500 |
| 003 - CONTROL NUMBER IDENTIFIER | |
| control field | DO-CoUTE |
| 005 - DATE AND TIME OF LATEST TRANSACTION | |
| control field | 20260430175806.0 |
| 008 - FIXED-LENGTH DATA ELEMENTS--GENERAL INFORMATION | |
| fixed length control field | 260430b dr ||||| |||| 00| 0 spa d |
| 040 ## - CATALOGING SOURCE | |
| Original cataloging agency | DO-CoUTE |
| Language of cataloging | spa |
| Transcribing agency | DO-CoUTE |
| 082 ## - DEWEY DECIMAL CLASSIFICATION NUMBER | |
| Classification number | 972.91L966 |
| 100 1# - MAIN ENTRY--PERSONAL NAME | |
| Personal name | Luque Escalona, Roberto |
| Relator term | Autor |
| 245 10 - TITLE STATEMENT | |
| Title | Rolando Masferrer en el País de los mitos / |
| Statement of responsibility, etc. | Roberto Luque Escalona |
| 260 ## - PUBLICATION, DISTRIBUTION, ETC. | |
| Place of publication, distribution, etc. | Miami ; |
| Name of publisher, distributor, etc. | Ediciones Universal |
| 300 ## - PHYSICAL DESCRIPTION | |
| Extent | 149 Paginas : |
| Dimensions | 23cm, |
| 504 ## - BIBLIOGRAPHY, ETC. NOTE | |
| Bibliography, etc. note | Incluye referencia bibliográfica e índice.<br/> |
| 700 1# - ADDED ENTRY--PERSONAL NAME | |
| Personal name | Roberto Luque Escalona |
| Relator term | Autor |
| 942 ## - ADDED ENTRY ELEMENTS (KOHA) | |
| Source of classification or shelving scheme | Dewey Decimal Classification |
| Koha item type | Libros |
| Withdrawn status | Lost status | Source of classification or shelving scheme | Damaged status | Not for loan | Collection code | Home library | Current library | Shelving location | Date acquired | Inventory number | Total Checkouts | Full call number | Barcode | Date last seen | Copy number | Price effective from | Koha item type |
|---|---|---|---|---|---|---|---|---|---|---|---|---|---|---|---|---|---|
| Dewey Decimal Classification | Colección General | Biblioteca UTECO | Biblioteca UTECO | En Estantería | 04/30/2026 | 023949 | 972.91L966 | 023949 | 04/30/2026 | Ej.1 | 04/30/2026 | Libros |
